Syndróm vyhorenia a možnosti jeho prevencie u pracovníkov v pomáhajúcich profesiách

Hlavným predkladaného článku je definovať, analyzovať a systemizovať poznatky z oblasti syndrómu vyhorenia, pričom príspevok zahŕňa preventívny program, ktorý môže profesionálom napomôcť v boji s týmto stále rozširujúcim sa javom v spoločnosti.

Saved in:
Bibliographic Details
Main Author: Schlesinger, Erich, 1995-
Other Authors: Pápay, György Pál
Format: Book Chapter
Language:Slovak
Subjects:
Tags: Add Tag
No Tags, Be the first to tag this record!

MARC

LEADER 00000naa a2200000 4500
001 0315220
005 20260303095806.9
041 0 |a slo 
044 |a PL 
245 1 0 |a Syndróm vyhorenia a možnosti jeho prevencie u pracovníkov v pomáhajúcich profesiách  |c Erich Schlesinger, György Pál Pápay 
520 |a Hlavným predkladaného článku je definovať, analyzovať a systemizovať poznatky z oblasti syndrómu vyhorenia, pričom príspevok zahŕňa preventívny program, ktorý môže profesionálom napomôcť v boji s týmto stále rozširujúcim sa javom v spoločnosti. 
610 2 0 |a syndróm vyhorenia 
610 2 0 |a stresy 
610 2 0 |a profesie pomáhajúce 
100 1 |a Schlesinger, Erich, 1995- 
700 1 |a Pápay, György Pál